| 000 | 01145cab a2200205 4500 | ||
|---|---|---|---|
| 001 | ABS40099 | ||
| 008 | 090401t1988 xxu||||| |||| 00| 0 eng d | ||
| 035 | _a(Sirsi) u21468 | ||
| 041 | _aeng | ||
| 100 | _aHamnett, C. | ||
| 245 | _aLabour and housing market change in London : a longitudinal analysis, 1971-1981 | ||
| 260 | _c1988 | ||
| 350 | _a0 | ||
| 490 |
_aUrban Studies _v25 1988, 380-398(19) |
||
| 520 | _aIn market economies the housing market operates to sift and sort households into different sections of the market by occupation and income. Changes in the distribution of households can therefore occur as a result of changes in the structure of occupation and income or changes in the supply of housing by tenure and price. Britain has witnessed major changes in both occupational composition and the tenure structure of the housing market over the last 20 years and this research examines the interrelations between these changes in London from 1971 to 1981 using data from the OPCS Longitudinal Study . (Journal abstract) | ||
| 690 | _aECONOMIC AND SOCIAL | ||
| 700 | _aRandolph, B. | ||
| 942 | _n0 | ||
| 948 | _c04/03/1997 | ||
| 999 |
_c14413 _d14413 |
||